| 000 | 00000nam 2200000zi 4500 |
| 001 | 9.925455 |
| 003 | CaOODSP |
| 005 | 20250326132956 |
| 006 | m o d f |
| 007 | cr mn||||||||| |
| 008 | 230725t20232023onca ob f000 0 eng d |
| 020 | |a9780660496351 |
| 040 | |aCaOODSP|beng|erda|cCaOODSP |
| 043 | |an-cn--- |
| 086 | 1 |aHR4-104/1-2023E-PDF |
| 245 | 00|aComparing compensation - no. 1 : |bthe application of the equal average method : interpretations, policies and guidelines. |
| 264 | 1|a[Ottawa] : |bOffice of the Pay Equity Commissioner = Bureau du commissionaire à l'équité salariale, |c[2023] |
| 264 | 4|c©2023 |
| 300 | |a1 online resource (18 pages) : |bcolour illustrations |
| 336 | |atext|btxt|2rdacontent |
| 337 | |acomputer|bc|2rdamedia |
| 338 | |aonline resource|bcr|2rdacarrier |
| 500 | |aIssued also in French under title: Comparaison de la rémunération - n° 1 : l'application de la méthode de la moyenne égale : interprétations, politiques et lignes directrices. |
| 500 | |a"Pay Equity." |
| 504 | |aIncludes bibliographical references. |
| 610 | 10|aCanada. |tPay Equity Act. |
| 650 | 0|aPay equity|xLaw and legislation|zCanada. |
| 650 | 0|aPay equity|xGovernment policy|zCanada. |
| 710 | 2 |aCanadian Human Rights Commission, |eissuing body. |
| 775 | 08|tComparaison de la rémunération - n° 1 : |w(CaOODSP)9.925457 |
| 856 | 40|qPDF|s1.86 MB|uhttps://publications.gc.ca/collections/collection_2024/ccdp-chrc/HR4-104-1-2023-eng.pdf |
| 856 | 4 |qHTML|sN/A|uhttps://www.chrc-ccdp.gc.ca/publications/comparing-compensation-no-1-application-equal-average-method |